Açıklamalı Medeni Kanun ile Borçlar Kanunu (Record no. 1259)

MARC details
000 -BAŞLIK
Sabit Uzunlukta Kontrol Alanı 01249na a2200325 4500
001 - KONTROL NUMARASI
Denetim Alanı 17344
003 - KONTROL NUMARASI IDENTIFIER
Denetim Alanı MIRAKIL
005 - SON İŞLEM TARİHİ VE ZAMANI
Denetim Alanı 20181213154816.0
008 - SABİT-BOY VERİ ELEMANLARI - GENEL BİLGİLER
Sabit Uzunlukta Kontrol Alanı 161024b tu 000 0
035 ## - SİSTEM KONTROL NUMARASI
Sistem Kontrol Numarası 17344
040 ## - KATALOGLAMA KAYNAK
Orijinal Kataloglama Ajansı Milas
Kataloglama Dili tur
Metne Dönüştürmek Ajansı TR-AnCHP
041 ## - DİL KODU
Metin / Ses Parça Veya Ayrı Başlığın Dil Kodu tur
082 ## - DEWEY ONLU SINIFLANDIRMA NUMARASI
Sınıflandırma Numarası 346.0150263
Ürün Numarası A72a 1965
090 ## - SINIFLAMA NUMARASI
Sınıflama Numarası 346.0150263 A72a 1965
100 ## - ANA GİRİŞ - KİŞİSEL İSİM
Kişisel Ad Ataay, Aytekin M.
245 ## - BAŞLIK TABLOSU
Başlık Açıklamalı Medeni Kanun ile Borçlar Kanunu
Başlığın Kalan (Tatbikat Kanunuyla birlikte)
Sorumluluk Tablosu, Vb Aytekin M. Ataay, İsmet Sungurbey
246 ## - UNVAN FORM VARYING
Başlık Doğru / Kısa Başlığı Tatbikat Kanunuyla birlikte
250 ## - EDITION TABLOSU
Baskı Beyanı gözd. gçrl. 2. bs.
260 ## - YAYIN, DAĞITIM, VB
Yayın, Dağıtım, Vb Yeri İstanbul
Yayıncı, Dağıtıcı, Vs Adı Filiz Kitabevi
Yayın, Dağıtım, Vb Tarihi 1965
300 ## - FİZİKSEL TANIM
Kapsam 455 s.
Boyutlar 17 sm.
504 ## - KAYNAKÇA VB NOT
Kaynakça Vb Notu İlgili mevzuat - TBMM. yorum kararları - Anayasa Mahkemesi kararları - Yargıtay içtihatları birleştirme kararları - Uyuşmazlık Mahkemesi kararları - tercüme yanlışları - mukayeseli yabancı kanunlar.
650 ## - KONU KATMA GİRİŞ - TOPİKAL DÖNEM
Topikal Süreli Veya Coğrafi Ad Giriş Elemanı Medeni haklar
Genel Alt Bölümü Hukuk ve mevzuat
Coğrafi Alt Bölümü Türkiye
650 ## - KONU KATMA GİRİŞ - TOPİKAL DÖNEM
Topikal Süreli Veya Coğrafi Ad Giriş Elemanı Medeni hukuk
Genel Alt Bölümü Kanunlar
Coğrafi Alt Bölümü Türkiye
650 ## - KONU KATMA GİRİŞ - TOPİKAL DÖNEM
Topikal Süreli Veya Coğrafi Ad Giriş Elemanı Borçlar
Genel Alt Bölümü Hukuk ve mevzuat
Coğrafi Alt Bölümü Türkiye
650 ## - KONU KATMA GİRİŞ - TOPİKAL DÖNEM
Topikal Süreli Veya Coğrafi Ad Giriş Elemanı Borçlar hukuku
Genel Alt Bölümü Kanunlar
Coğrafi Alt Bölümü Türkiye
651 ## - KONU KATMA GİRİŞ - COĞRAFİ ADI
Coğrafi İsim Türkiye
Genel Alt Bölümü Medeni Kanun (1926)
651 ## - KONU KATMA GİRİŞ - COĞRAFİ ADI
Coğrafi İsim Türkiye
Genel Alt Bölümü Borçlar Kanunu, 1926
700 ## - KATMA GİRİŞ - KİŞİSEL İSİM
Kişisel Ad Sungurbey, İsmet
942 ## - EKLENDİ GİRİŞ ELEMANLARI (KOHA)
Sınıflandırma Veya Raf Düzeni Kaynak Dewey Decimal Classification
Koha Öğesi Türü Books
999 ## - SİSTEM KONTROL NUMARALARI (KOHA)
Koha Biblionumber 1259
Koha Biblioitemnumber 1259
Holdings
Kalıcı Konum Mevcut Konum Edinme Tarihi Edinim Kaynak Toplam Check-Out'Lar Tam Çağrı Numarası Barkod Tarih Son Görülme İtibaren Geçerli Fiyatlar Koha Öğesi Türü
CHP Kütüphanesi CHP Kütüphanesi 10/24/2016 Bağış   346.0150263 A72a 1965 008106 10/24/2016 10/24/2016 Books